[Event "SVK-chT5 SE-SI 1819"]
[Site "Slovakia"]
[Date "2019.01.12"]
[Round "5.4"]
[White "Paksi, Alexander"]
[Black "Durco, Jaroslav"]
[Result "0-1"]
[WhiteElo "1000"]
[BlackElo "1000"]
[PlyCount "34"]
[EventDate "2018.10.20"]
[EventType "team-tourn"]
[EventRounds "10"]
[EventCountry "SVK"]
[SourceTitle "CBM 189 Extra"]
[Source "ChessBase"]
[SourceDate "2019.06.03"]
[SourceVersion "1"]
[SourceVersionDate "2019.06.03"]
[SourceQuality "1"]
[WhiteTeam "Skalica IV"]
[BlackTeam "Borsky Mikulas"]
[WhiteTeamCountry "SVK"]
[BlackTeamCountry "SVK"]

1. e4 e5 2. Nf3 Nc6 3. Nc3 d6 4. Bc4 h6 5. d3 Bg4 6. h3 Bh5 7. Be3 Nf6 8. 0-0 a6 9. a3 Qd7 10. b4 b5 11. Bb3 g5 12. g4 Bxg4 13. hxg4 Qxg4+ 14. Kh1 Qh3+ 15. Nh2 h5 16. Bxg5 Rg8 17. Bxf6 Qg2# 0-1

[Event "Bratislava Rintel Memorial"]
[Site "Bratislava"]
[Date "2018.08.29"]
[Round "1"]
[White "Koska, Jiri"]
[Black "Paksi, Alexander"]
[Result "1-0"]
[WhiteElo "1300"]
[BlackElo "1000"]
[PlyCount "49"]
[EventDate "2018.08.29"]
[EventType "swiss"]
[EventRounds "7"]
[EventCountry "SVK"]
[SourceTitle "CBM 186 Extra"]
[Source "ChessBase"]
[SourceDate "2018.08.24"]
[SourceVersion "1"]
[SourceVersionDate "2018.08.24"]
[SourceQuality "1"]

1. e4 e5 2. Nf3 Nc6 3. Nc3 Nf6 4. Bc4 Bc5 5. d3 0-0 6. Bg5 d6 7. h3 a6 8. Nd5 Bb4+ 9. c3 Bc5 10. Nxf6+ gxf6 11. Bh6 Re8 12. Qd2 Be6 13. Bxe6 fxe6 14. g4 d5 15. 0-0-0 dxe4 16. dxe4 Qxd2+ 17. Rxd2 Red8 18. Rhd1 Rxd2 19. Rxd2 b5 20. b4 Bb6 21. g5 fxg5 22. Nxg5 Re8 23. Rd7 Bxf2 24. Rg7+ Kh8 25. Nf7# 1-0